[Event "Baden op-B 30th"]
[Site "Baden"]
[Date "2002.04.27"]
[Round "3.16"]
[White "Hegedus, Zoltan"]
[Black "Koller, Johann"]
[Result "1/2-1/2"]
[WhiteElo "1429"]
[BlackElo "1299"]
[PlyCount "100"]
[EventDate "2002.04.26"]
[EventType "swiss"]
[EventRounds "5"]
[EventCountry "AUT"]
[SourceTitle "EXT 2003"]
[Source "ChessBase"]
[SourceDate "2002.11.25"]
[SourceVersion "1"]
[SourceVersionDate "2002.11.25"]
[SourceQuality "1"]

1. d4 d5 2. Nf3 Nc6 3. e3 a6 4. c4 e6 5. a3 h6 6. Nc3 Nf6 7. c5 Ne4 8. Qc2 f5 9. Be2 g5 10. Nxe4 fxe4 11. Ne5 Nxe5 12. dxe5 c6 13. Bh5+ Ke7 14. 0-0 Bg7 15. f4 Qc7 16. Qc3 Rf8 17. g3 b5 18. Bd2 a5 19. Qd4 Ba6 20. b4 a4 21. Qb2 Rg8 22. Bc3 Bh8 23. Rf2 Raf8 24. Raf1 g4 25. Qe2 Bb7 26. Bxg4 Bc8 27. Bd4 Kd8 28. Bh3 Qf7 29. Bg4 Qg7 30. Bh3 Qg6 31. Kh1 Bd7 32. g4 Qe8 33. Rg2 Qe7 34. Qe1 h5 35. g5 Qh7 36. Qh4 Kc7 37. Rfg1 Qg6 38. Qe1 Kb7 39. Rg3 Bg7 40. Bf1 Rh8 41. Rh3 Rh7 42. Rh4 Rf7 43. Bh3 Rf8 44. Rg2 Rhh8 45. Qa1 Rh7 46. Rf2 Rhh8 47. Qf1 Rf7 48. Bg2 Rhf8 49. Qe2 Rh8 50. Rh3 Rff8 1/2-1/2